Delhi Metro Stations by Map Quiz - Statistics

General Stats
  • This quiz has been taken 954 times
    897 since last reset
  • The average score is 90 of 263
Answers on the Map
Answers color-coded by a green-red scale on the quiz's map according to % correct below.
 
Answer Stats
Answer % Correct
New Delhi
78%
Rajiv Chowk
75%
Kashmere Gate
73%
Dwarka
71%
Hauz Khas
68%
Shalimar Huda City Centre
64%
Chandni Chowk
59%
Terminal 1 I.G.I Airport
58%
Central Secretariat
57%
Botanical Garden
54%
Saket
54%
IGI Airport
53%
Janakpuri West
53%
Qutub Minar
53%
AIIMS
52%
INA
52%
Lajpat Nagar
52%
Rithala
52%
Rajouri Garden
51%
Samaypur Badli
51%
Vaishali
51%
Welcome
51%
Dwarka Sector 21
50%
Green Park
50%
Karol Bagh
49%
Kirti Nagar
49%
Vishwavidyalay
49%
Chawri Bazaar
48%
Inderlok
47%
Janakpuri East
47%
Malviya Nagar
47%
Patel Chowk
47%
Punjabi Bagh
47%
Yamuna Bank
47%
Azadpur
46%
IndiGo Guru Dronacharya
46%
Mandi House
46%
Anand Vihar
45%
Dwarka Sector 14
45%
IIT
45%
Mayur Vihar Extension
45%
Udyog Bhawan
45%
Civil Lines
44%
Dwarka Sector 12
44%
Dwarka Sector 13
44%
Dwarka Sector 9
44%
Mayur Vihar I
44%
Mayur Vihar - I
44%
Sikanderpur
44%
Dwarka Sector 10
43%
Dwarka Sector 11
43%
Noida Sector 18
43%
Satguru Ramsingh Marg
43%
Akshardham
42%
Dilshad Garden
42%
Dwarka Sector 8
42%
IFFCO Chowk
42%
Jorbagh
42%
Rohini West
42%
Sarojini Nagar
42%
Vidhan Sabha
42%
Chattarpur
41%
Netaji Subhash Place
41%
Noida Sector 16
41%
Rohini East
41%
GTB Nagar
40%
Kalkaji Mandir
40%
MG Road
40%
Nehru Place
40%
Noida Electronic City
40%
Noida Sector 15
40%
Patel Nagar
40%
Pitampura
40%
Shahdara
40%
Khan Market
39%
Lok Kalyan Marg
39%
Majlis Park
39%
Model Town
39%
Ghitorni
38%
Jahangirpuri
38%
Jama Masjid
38%
Greater Kailash
37%
Karkarduma
37%
Laxmi Nagar
37%
Rohini Sector 18
37%
Shaheed Sthal New Bus Adda
37%
Arjan Garh
36%
Dwarka Mor
36%
ITO
36%
Tilak Nagar
36%
Uttam Nagar West
36%
Noida Sector 52
35%
Pragati Maidan
35%
Sultanpur
35%
Uttam Nagar East
35%
Janpath
34%
Tis Hazari
34%
Jhandewalan
33%
Noida Sector 62
33%
Palam
33%
Preet Vihar
33%
Shastri Park
33%
Shiv Vihar
33%
Tagore Garden
33%
Vasant Vihar
33%
Indraprastha
32%
Lal Qila
32%
Moolchand
32%
Delhi Gate
31%
Moti Nagar
31%
Punjabi Bagh West
31%
Ramakrishna Ashram Marg
31%
R.K. Puram
31%
Sarai
31%
Shivaji Stadium
31%
South Extension
31%
Subhash Nagar
31%
Badarpur
30%
Haiderpur Badli Mor
30%
Mundka
30%
Najafgarh
30%
Seelampur
30%
Shadipur
30%
Shastri Nagar
30%
DLF Phase II
29%
DLF Phase III
29%
Golf Course
29%
IndusInd Cyber City
29%
Munirka
29%
Nangloi
29%
Noida Sector 59
29%
Pulbangash
29%
Adarsh Nagar
28%
Chirag Delhi
28%
DLF Phase I
28%
Kaushambi
28%
Kohat Enclave
28%
Major Mohit Sharma Rajendra Nagar
28%
Noida Sector 61
28%
Okhla Bird Sanctuary
28%
Rajendra Place
28%
Sadar Bazaar
28%
Sir Vishweshwaraiah Moti Bagh
28%
Ashram
27%
Govindpuri
27%
Jhilmil
27%
Kailash Colony
27%
Nirman Vihar
27%
Ramesh Nagar
27%
Sarita Vihar
27%
Dabri Mor - Janakpuri South
26%
Delhi Aerocity
26%
Durgabai Deshmukh South Campus
26%
Nehru Enclave
26%
Noida Sector 34
26%
Panchsheel Park
26%
Paschim Vihar West
26%
Bhikaji Cama Place
25%
Delhi Cantonment
25%
Hindon River
25%
Jamia Millia Islamia
25%
Jawaharlal Nehru Stadium
25%
Keshav Puram
25%
Maujpur - Babarpur
25%
Mayapuri
25%
Mohan Nagar
25%
Nawada
25%
New Ashok Nagar
25%
Paschim Vihar East
25%
Pratap Nagar
25%
Raja Nahar Sigh
25%
Shalimar Bagh
25%
Tughlakabad
25%
Kanhiya Nagar
24%
Ashok Park Main
23%
Jangpura
23%
Jasola Vihar Shaheen Bagh
23%
Peeragarhi
23%
Brigadier Hoshiyar Singh
22%
Escorts Mujesar
22%
Mansarovar Park
22%
Okhla Vihar
22%
Shankar Vihar
22%
Shivaji Park
22%
Arthala
21%
Dashrath Puri
21%
Hazrat Nizamuddin
21%
Jasola Apollo
21%
Naraina Vihar
21%
Okhla NSIC
21%
Bahadurgarh City
20%
Kalindi Kunj
20%
Sector 28
20%
Sector 55-56
20%
Vinobapuri
20%
Bata Chowk
19%
Duala Kuan
19%
Karkarduma Court
19%
Mohan Estate
19%
Raj Bagh
19%
Shyam Park
19%
IP Extension
18%
Micromax Moulsari Avenue
18%
Shaheed Nagar
18%
Vodafone Belvedere Towers
18%
Mayur Vihar Pocket I
17%
Mundka Industrial Area
17%
NHPC Chowk
17%
Shakurpur
17%
Tikri Border
17%
East Azad Nagar
16%
East Vinod Nagar - Mayur Vihar II
16%
Krishna Nagar
16%
Madipur
16%
Mandawali - West Vinod Nagar
16%
Nangli
16%
Nangloi Railway Station
16%
Sector 53-54
16%
Barakhambha Road
15%
Gokulpuri
15%
Harkesh Nagar
15%
Sector 54 Chowk
15%
Sukhdev Vihar
15%
Tikri Kalan
15%
Trilokpuri Sanjay Lake
15%
Udyog Nagar
15%
Faridabad Old
14%
Ghevra
14%
Sector 42-43
14%
ESI Hospital
13%
Maharaja Surajmal Stadium
13%
Neelam Chowk Ajronda
13%
Sant Surdas
13%
Johri Enclave
12%
Mewala Maharajpur
12%
Jaffrabad
11%
Pandit Shree Ram Sharma
11%
Rajdhani Park
11%
Wave City Center Noida
11%
Badkhal Mor
10%
No matching quizzes found
Score Distribution
Percent of People with Each Score
Percentile by Number Answered
Your Score History
You have not taken this quiz since the last reset